000 00629nam a22001937a 4500
005 20240530110520.0
008 160216s2013 ua g 000 f ara d
020 _a9789774277719
040 _aEG-CaGPL
082 0 4 _221
_a813.03\
_bإ ن
100 0 _aابراهيم الكونى .
245 1 0 _aنزيف الحجر :
_bرواية /
_cابراهيم الكونى .
250 _aط1.
260 _aالقاهرة :
_bالدار المصرية اللبنانية ،
_c2013 .
300 _a142 ص ؛
_c20 سم .
650 0 4 _aالقصص العربية .
942 _2ddc
_cBK
999 _c61872
_d61872